000 00409pab a2200145 454500
008 180718b2012 xxu||||| |||| 00| 0 eng d
100 _aLudlow, Amy
245 _aContestability and competition in action: Restructuring the prison sector to achieve workforce and industrial change
260 _c2012
300 _ap.508-526.
650 _aPrisoners
773 _aPublic Law
908 _aN
909 _a97506
999 _c97506
_d97506